000 00650nam a2200181Ia 4500
008 151018s9999 xx 000 0 und d
082 _bRBASDV63771
_a928
100 _aगुलाब नबी गौहर
245 _aशेख नुरुद्दीन वली
250 _b1
260 _bसाहित्य अकादमी नई दिल्ली
_c2014
300 _a116
600 _aगुलाब नबी गौहर
630 _aशेख नुरुद्दीन वली
700 _aगुलाब नबी गौहर
730 _aशेख नुरुद्दीन वली
942 _cBOOK
999 _c1056112
_d1056109